00329nam a2200109Ia 4500008004100000082002000041100002200061245002000083260003000103630003300133650005300166211118s9999||||xx |||||||||||||| ||und|| a894.8123bBAL-J aBalakrishnan, C V 0aJwaalaakalaapam bD c BooksaKottayamc1996 xMalayalam NovelGeneral Stack aMalayalam LiteraturevMalayalam FictionMalayalam